000 00427 a2200157 4500
003 OSt
005 20231007145957.0
008 231007b |||||||| |||| 00| 0 eng d
020 _a9780241633977
040 _coclc
082 _a305.42
_bDAW/P
100 1 _aDawson, Hannah
_99704
245 _aThe Penguin Book of Feminist Writing
300 _a657 p
942 _2ddc
_cBK
_h305.42
_iDAW/P
_k305.42
_mDAW/P
999 _c42585
_d42585